MyGZULibrary

Judicial review of administrative action in South Africa. / (Record no. 9424)

MARC details
000 -LEADER
fixed length control field 01073cam a2200313 a 4500
001 - CONTROL NUMBER
control field 15192902
003 - CONTROL NUMBER IDENTIFIER
control field GZU
005 - DATE AND TIME OF LATEST TRANSACTION
control field 20210615111237.0
008 - FIXED-LENGTH DATA ELEMENTS--GENERAL INFORMATION
fixed length control field 080225s2005 sa b 001 0 eng d
010 ## - LIBRARY OF CONGRESS CONTROL NUMBER
LC control number 2008552961
020 ## - INTERNATIONAL STANDARD BOOK NUMBER
International Standard Book Number 0409015342
020 ## - INTERNATIONAL STANDARD BOOK NUMBER
International Standard Book Number 9780409015348
035 ## - SYSTEM CONTROL NUMBER
System control number (OCoLC)ocm63513450
040 ## - CATALOGING SOURCE
Original cataloging agency P4A
Transcribing agency P4A
Modifying agency DLC
042 ## - AUTHENTICATION CODE
Authentication code lccopycat
050 00 - LIBRARY OF CONGRESS CALL NUMBER
Classification number KTL2790
Item number .D4 2005
082 04 - DEWEY DECIMAL CLASSIFICATION NUMBER
Classification number 342.90968
Edition number 22
100 1# - MAIN ENTRY--PERSONAL NAME
Personal name De Ville, Jacques.
245 10 - TITLE STATEMENT
Title Judicial review of administrative action in South Africa. /
Statement of responsibility, etc. J.R. Ville
250 ## - EDITION STATEMENT
Edition statement 1st Rev.
260 ## - PUBLICATION, DISTRIBUTION, ETC.
Place of publication, distribution, etc. Durban :
Name of publisher, distributor, etc. LexisNexis Butterworths,
Date of publication, distribution, etc. 2005
300 ## - PHYSICAL DESCRIPTION
Extent xiv, 587 p. ;
Dimensions 25 cm.
500 ## - GENERAL NOTE
General note "This book states and interprets the law as on 30 September 2003"--P. v.
504 ## - BIBLIOGRAPHY, ETC. NOTE
Bibliography, etc. note Includes bibliographical references (p. 501-507) and index.
650 #0 - SUBJECT ADDED ENTRY--TOPICAL TERM
Topical term or geographic name entry element Judicial review of administrative acts
Geographic subdivision South Africa.
906 ## - LOCAL DATA ELEMENT F, LDF (RLIN)
a 7
b cbc
c copycat
d 2
e ncip
f 20
g y-gencatlg
942 ## - ADDED ENTRY ELEMENTS (KOHA)
Source of classification or shelving scheme Library of Congress Classification
Koha item type Books
Edition 1st Rev.
Classification part 2790
Item part DEV
Call number prefix KTL
Call number suffix 2005
Holdings
Withdrawn status Lost status Damaged status Not for loan Collection code Home library Current library Shelving location Date acquired Total Checkouts Total Renewals Full call number Barcode Date last seen Date last checked out Copy number Price effective from Koha item type
        Non-fiction Law Library Law Library General Stacks 06/15/2021 1 1 KTL2790 DEV 2005 022720 10/14/2024 10/10/2024 c.1 06/15/2021 Books